000 00580nam a2200193Ia 4500
003 GCL
008 140319s9999 xx 000 0 ara d
040 _aGCL /
_cGCL
082 0 4 _a814.008
_bن ص
100 1 _aنوفل الطرابلسى
245 1 0 _aصناجة الطرب فى تقدمات العرب /
_cنوفل الطرابلسى
260 _a[S.N] :
_bدار الرائد العربى ،
_c1982
300 _a469 ص
490 _a
650 0 4 _aالادب العربى
650 0 4 _aمقالات ومحاضرات
650 0 4 _aالمجموعات
942 _2ddc
_cBK
999 _c29641
_d29641